[Event "European Hybrid Swiss TB"]
[Site "Tornelo INT"]
[Date "2021.05.30"]
[Round "1.1"]
[White "Artemiev, Vladislav"]
[Black "Alekseev, Evgeny"]
[Result "1-0"]
[WhiteTitle "GM"]
[BlackTitle "GM"]
[WhiteElo "2709"]
[BlackElo "2617"]
[WhiteFideId "24101605"]
[BlackFideId "4138147"]
[EventDate "2021.05.30"]

1. b3 c5 2. Bb2 Nc6 3. Nf3 d6 4. d4 cxd4 5. Nxd4 e6 6. g3 Nf6 7. Bg2 Bd7 8. O-O
Be7 9. c4 O-O 10. Nc3 a6 11. Rc1 Rb8 12. a4 Qb6 13. Nf3 Rfd8 14. e4 Be8 15. Rb1
Nd7 16. Ba1 Nde5 17. Ne2 Bf6 18. Nfd4 Qc7 19. Qd2 Nxd4 20. Bxd4 Ng4 21. Rfd1
Bxd4 22. Nxd4 Nf6 23. Rbc1 b6 24. Rc3 Rbc8 25. Rd3 Nd7 26. h4 Nc5 27. Re3 Qe7
28. Ne2 Nxb3 29. Rxb3 Bxa4 30. Rxb6 Bxd1 31. Qxd1 Rxc4 32. Rxa6 Qc7 33. Bf3 h6
34. Kg2 Qc5 35. Ra2 Rb8 36. Rd2 Rb6 37. Qa1 Rcb4 38. Nf4 Rb1 39. Qa4 Rb8 40. Qd7
R1b7 41. Qxd6 Qxd6 42. Rxd6 Rb2 43. Rd7 Ra2 44. e5 Rf8 45. g4 Ra5 46. Nd3 g6 47.
Be4 Rc8 48. f3 Rc2+ 49. Kg3 Ra1 50. Kf4 Rh1 51. Nb4 Rc4 52. Nc6 Rxh4 53. Nd8 h5
54. Kg5 Rh3 55. Nxf7 1-0

[Event "European Hybrid Swiss TB"]
[Site "Tornelo INT"]
[Date "2021.05.30"]
[Round "1.2"]
[White "Svane, Rasmus"]
[Black "Tomashevsky, Evgeny"]
[Result "0-1"]
[WhiteTitle "GM"]
[BlackTitle "GM"]
[WhiteElo "2615"]
[BlackElo "2706"]
[WhiteFideId "4657101"]
[BlackFideId "4147235"]
[EventDate "2021.05.30"]

1. Nf3 d5 2. g3 g6 3. Bg2 Bg7 4. d4 Nf6 5. O-O O-O 6. c4 c6 7. Qb3 dxc4 8. Qxc4
Bf5 9. Nc3 Nbd7 10. Re1 Ne4 11. Qb3 Qb6 12. Nh4 Nxc3 13. bxc3 Be6 14. Qa3 Rfe8
15. Bg5 Bf6 16. Bxf6 exf6 17. e4 Bc4 18. Nf3 Qa6 19. Qb4 c5 20. Qb2 Nb6 21. a4
Bd3 22. Nd2 Nc4 23. Nxc4 Bxc4 24. e5 Rab8 25. exf6 cxd4 26. cxd4 Qxf6 27. Qb4 b5
28. axb5 Rxe1+ 29. Rxe1 Bxb5 30. d5 a6 31. h4 Rd8 32. Qc5 h5 33. Rd1 Qd6 34. Qc3
Bd7 35. Re1 Re8 36. Ra1 Rc8 37. Qd4 Bb5 38. Bf3 Re8 39. Kg2 Qe5 40. Rd1 Qxd4 41.
Rxd4 Rd8 42. Bd1 Kg7 43. f4 Kf6 44. Bb3 Ke7 45. d6+ Rxd6 46. Rxd6 Kxd6 47. Bxf7
Bd3 48. Kf3 Bf5 49. Ke3 Kc5 50. Kd2 Kb4 51. Bd5 a5 52. Bf3 a4 53. Bd5 a3 54. Bf7
Bb1 55. Be6 a2 56. Bxa2 Bxa2 57. Kd3 Kc5 58. Ke4 Kd6 59. Kf3 Be6 60. Ke4 Bf5+
61. Kd4 Ke6 62. Kc4 Be4 63. Kd4 Kf5 64. Ke3 Bc6 0-1

[Event "European Hybrid Swiss TB"]
[Site "Tornelo INT"]
[Date "2021.05.30"]
[Round "1.3"]
[White "Esipenko, Andrey"]
[Black "Zvjaginsev, Vadim"]
[Result "1-0"]
[WhiteTitle "GM"]
[BlackTitle "GM"]
[WhiteElo "2701"]
[BlackElo "2614"]
[WhiteFideId "24175439"]
[BlackFideId "4113403"]
[EventDate "2021.05.30"]

1. d4 d5 2. c4 e6 3. Nf3 a6 4. g3 dxc4 5. Bg2 b5 6. Ne5 Ra7 7. a4 Bb7 8. e4 Nf6
9. axb5 Bxe4 10. Bxe4 Nxe4 11. Qa4 Qxd4 12. b6+ c6 13. Be3 Qxb2 14. bxa7 Bb4+
15. Kf1 O-O 16. Nxc4 Qf6 17. Qxb4 1-0

[Event "European Hybrid Swiss TB"]
[Site "Tornelo INT"]
[Date "2021.05.30"]
[Round "1.4"]
[White "Braun, Arik"]
[Black "Predke, Alexandr"]
[Result "1/2-1/2"]
[WhiteTitle "GM"]
[BlackTitle "GM"]
[WhiteElo "2609"]
[BlackElo "2690"]
[WhiteFideId "4663527"]
[BlackFideId "24107581"]
[EventDate "2021.05.30"]

1. d4 Nf6 2. c4 e6 3. Nc3 Bb4 4. Qc2 c5 5. dxc5 O-O 6. Nf3 Na6 7. a3 Bxc3+ 8.
Qxc3 Nxc5 9. e3 b6 10. Be2 Bb7 11. O-O Rc8 12. b4 Nce4 13. Qb3 d5 14. Bb2 dxc4
15. Bxc4 Bd5 16. Bxd5 Qxd5 17. Qxd5 Nxd5 18. Rfc1 Ndc3 19. Kf1 f6 20. Rc2 Na4
21. Rac1 Rxc2 22. Rxc2 Nxb2 23. Rxb2 Rc8 24. Nd4 e5 25. Rc2 Rxc2 26. Nxc2 Kf7
27. Ke2 Ke6 28. f3 Nd6 29. e4 Nc4 30. Kd3 b5 31. Ne3 Nxe3 32. Kxe3 g5 33. g4 a6
34. Ke2 1/2-1/2

[Event "European Hybrid Swiss TB"]
[Site "Tornelo INT"]
[Date "2021.05.30"]
[Round "1.5"]
[White "Matlakov, Maxim"]
[Black "Indjic, Aleksandar"]
[Result "1-0"]
[WhiteTitle "GM"]
[BlackTitle "GM"]
[WhiteElo "2688"]
[BlackElo "2607"]
[WhiteFideId "4168003"]
[BlackFideId "911925"]
[EventDate "2021.05.30"]

1. e4 c5 2. Nf3 d6 3. c3 Nf6 4. h3 g6 5. Bd3 Bg7 6. Bc2 O-O 7. d4 Qc7 8. O-O e5
9. Re1 b6 10. a4 Bb7 11. d5 a6 12. Na3 Nbd7 13. Be3 Nh5 14. Bd3 h6 15. b4 Rae8
16. Rc1 f5 17. Nh4 f4 18. Bd2 Kh7 19. Nxg6 Kxg6 20. Qg4+ Kh7 21. Qxh5 Nf6 22.
Qf3 Kh8 23. Nc4 Nh7 24. bxc5 bxc5 25. Rb1 Bc8 26. Rb6 Rd8 27. Reb1 Qe7 28. Qh5
Rg8 29. Rc6 Bf8 30. Nxd6 Rxd6 31. Rxc8 Rdg6 32. Kf1 Rxg2 33. Ke2 Ng5 34. Rb6 c4
35. Bxc4 Qh7 36. Bd3 f3+ 37. Kd1 Qd7 38. Rcc6 Nh7 39. Qxf3 Rh2 40. Qf5 Qe8 41.
Kc2 Bg7 42. Be3 Rf8 43. Qg6 Qd7 44. Kb3 Rxh3 45. Rd6 Qc7 46. Rdc6 Qd8 47. Rb7
Rg8 48. Rcc7 Qf8 49. Rf7 Qe8 50. Qe6 Qxe6 51. dxe6 Rxe3 52. fxe3 Ng5 53. Rfe7
Bf6 54. Red7 Nxe6 55. Rh7# 1-0

[Event "European Hybrid Swiss TB"]
[Site "Tornelo INT"]
[Date "2021.05.30"]
[Round "1.6"]
[White "Ivanisevic, Ivan"]
[Black "Fedoseev, Vladimir3"]
[Result "0-1"]
[WhiteTitle "GM"]
[BlackTitle "GM"]
[WhiteElo "2606"]
[BlackElo "2687"]
[WhiteFideId "912417"]
[BlackFideId "24130737"]
[EventDate "2021.05.30"]

1. g3 h5 2. Bg2 h4 3. d4 d5 4. Nc3 c6 5. e4 dxe4 6. Nxe4 Bf5 7. c3 Nd7 8. Qb3
Qc8 9. Bf4 Ngf6 10. Nxf6+ Nxf6 11. O-O-O e6 12. Ne2 Be7 13. c4 a5 14. Nc3 Ra6
15. Rhe1 Kf8 16. c5 Ng4 17. f3 Nf2 18. g4 Nd3+ 19. Rxd3 Bxd3 20. Na4 Bb5 21. Nb6
Qd8 22. a4 Rxb6 23. cxb6 Qxd4 24. Be3 Qxa4 25. Qxa4 Bxa4 26. f4 Bb4 27. Re2 Bb5
28. Rc2 Bd3 29. Bc5+ Ke8 30. Bxb4 Bxc2 31. Bc3 Ba4 32. g5 h3 33. Be4 Rh4 34. Be5
f6 35. gxf6 gxf6 36. Bc7 Kd7 0-1

[Event "European Hybrid Swiss TB"]
[Site "Tornelo INT"]
[Date "2021.05.30"]
[Round "1.7"]
[White "Anton Guijarro, David"]
[Black "Jobava, Baadur"]
[Result "0-1"]
[WhiteTitle "GM"]
[BlackTitle "GM"]
[WhiteElo "2673"]
[BlackElo "2603"]
[WhiteFideId "2285525"]
[BlackFideId "13601520"]
[EventDate "2021.05.30"]

1. Nf3 d5 2. b3 c6 3. Bb2 Nf6 4. g3 Bf5 5. Bg2 e6 6. d3 h6 7. O-O Be7 8. Nbd2
O-O 9. Re1 Bh7 10. e4 Re8 11. Qe2 a5 12. a4 Na6 13. e5 Nd7 14. Nd4 Nb4 15. N2f3
c5 16. Nb5 c4 17. bxc4 dxc4 18. Red1 cxd3 19. cxd3 Nc5 20. d4 Bd3 21. Qe1 Nxa4 0-1

[Event "European Hybrid Swiss TB"]
[Site "Tornelo INT"]
[Date "2021.05.30"]
[Round "1.8"]
[White "Krasenkow, Michal"]
[Black "Cheparinov, Ivan"]
[Result "1/2-1/2"]
[WhiteTitle "GM"]
[BlackTitle "GM"]
[WhiteElo "2597"]
[BlackElo "2667"]
[WhiteFideId "1113100"]
[BlackFideId "2905540"]
[EventDate "2021.05.30"]

1. d4 Nf6 2. c4 g6 3. Nc3 d5 4. e3 Bg7 5. cxd5 Nxd5 6. Nxd5 Qxd5 7. Ne2 O-O 8.
Nc3 Qd6 9. Be2 c5 10. d5 e6 11. e4 exd5 12. exd5 Re8 13. O-O Bf5 14. Bg5 Nd7 15.
Qd2 a6 16. a4 Ne5 17. Rfe1 c4 18. Bf1 Nd3 19. Bxd3 cxd3 20. Rxe8+ Rxe8 21. Re1
Rxe1+ 22. Qxe1 Qe5 23. Qxe5 Bxe5 24. h3 f6 25. Be3 Kf7 26. Kf1 b5 27. axb5 axb5
28. Ke1 b4 29. Na4 Be4 30. f3 Bxd5 31. Kd2 Bb3 32. Nc5 Bc4 33. Nxd3 Bxd3 34.
Kxd3 Bxb2 35. Bd2 Ba3 36. Kc4 Ke6 37. Bf4 h5 38. Bb8 h4 39. Bc7 g5 40. Bb8 Kd7
41. Ba7 Kd6 42. Bb6 Ke5 43. Bc7+ Ke6 44. Bb8 1/2-1/2

[Event "European Hybrid Swiss TB"]
[Site "Tornelo INT"]
[Date "2021.05.30"]
[Round "1.9"]
[White "Sjugirov, Sanan"]
[Black "Brkic, Ante"]
[Result "0-1"]
[WhiteTitle "GM"]
[BlackTitle "GM"]
[WhiteElo "2663"]
[BlackElo "2592"]
[WhiteFideId "4189302"]
[BlackFideId "14506688"]
[EventDate "2021.05.30"]

1. e4 c5 2. Nf3 d6 3. Bb5+ Nd7 4. a4 Nf6 5. Nc3 g6 6. a5 a6 7. Bc4 e6 8. d4 cxd4
9. Qxd4 Qc7 10. Qd3 Nc5 11. Qe2 Bg7 12. O-O O-O 13. Bf4 Nh5 14. Bg5 Bd7 15. Rfd1
Bc6 16. Nd4 Rfe8 17. Nxc6 Qxc6 18. Bd3 Rac8 19. f3 Nf6 20. Qd2 d5 21. exd5 Nxd5
22. Bf1 Nxc3 23. bxc3 Na4 24. c4 Nb2 25. Rdb1 Nxc4 26. Bxc4 Bxa1 27. Rxa1 Qxc4
28. Bf6 Qc5+ 29. Kh1 Qf5 30. Qd4 e5 31. Qh4 Rxc2 32. Rg1 Qf4 0-1

[Event "European Hybrid Swiss TB"]
[Site "Tornelo INT"]
[Date "2021.05.30"]
[Round "1.10"]
[White "Gabuzyan, Hovhannes"]
[Black "Lupulescu, Constantin"]
[Result "0-1"]
[WhiteTitle "GM"]
[BlackTitle "GM"]
[WhiteElo "2590"]
[BlackElo "2656"]
[WhiteFideId "13303732"]
[BlackFideId "1207822"]
[EventDate "2021.05.30"]

1. a3 d5 2. Nf3 Nf6 3. c4 e6 4. e3 Bd6 5. b4 b6 6. Bb2 Bb7 7. d4 c5 8. cxd5 Nxd5
9. dxc5 bxc5 10. bxc5 Bxc5 11. Bxg7 Rg8 12. Bd4 Nd7 13. Nbd2 Rc8 14. Bxc5 Nxc5
15. Bb5+ Kf8 16. Qc2 Rxg2 17. Qxh7 Qf6 18. Rb1 Nc3 19. Rb4 Nxb5 20. Kf1 Bxf3 21.
Nxf3 Qxf3 22. Qh8+ Rg8 23. Qh6+ Ke8 0-1

[Event "European Hybrid Swiss TB"]
[Site "Tornelo INT"]
[Date "2021.05.30"]
[Round "1.11"]
[White "Oparin, Grigoriy"]
[Black "Nguyen, Thai Dai Van"]
[Result "1/2-1/2"]
[WhiteTitle "GM"]
[BlackTitle "GM"]
[WhiteElo "2652"]
[BlackElo "2577"]
[WhiteFideId "24125890"]
[BlackFideId "358878"]
[EventDate "2021.05.30"]

1. Nf3 c5 2. c4 Nc6 3. d4 cxd4 4. Nxd4 Nf6 5. Nc3 e6 6. e4 Bb4 7. Nxc6 bxc6 8.
Bd3 e5 9. O-O O-O 10. h3 Bc5 11. Re1 Bd4 12. Ne2 Bc5 13. Nc3 Bd4 14. Be3 c5 15.
Bxd4 cxd4 16. Nd5 d6 17. Rc1 Bb7 18. b4 Nd7 19. Qb3 Rc8 20. Be2 g6 21. c5 dxc5
22. bxc5 Bxd5 23. Qxd5 Nf6 24. Qxe5 Re8 25. Qd6 Nxe4 26. Qxd8 Rexd8 27. c6 Nc3
28. Bf3 Nxa2 29. Rc4 d3 30. Ra1 d2 31. Rxa2 d1=Q+ 32. Bxd1 Rxd1+ 33. Kh2 Rc7 34.
g4 Rd6 35. Ra6 f6 36. h4 Kf7 37. Kg3 Ke6 38. Rc5 Rd5 39. Rc3 Kd6 40. Rca3 Rc5
41. Rxa7 R5xc6 42. Rxc7 Rxc7 43. Ra8 Ke6 44. Rh8 g5 45. h5 Ra7 46. f3 Re7 47.
Kf2 f5 48. Kg3 f4+ 49. Kf2 Kf6 50. Rf8+ Kg7 51. Rf5 h6 52. Ra5 1/2-1/2

[Event "European Hybrid Swiss TB"]
[Site "Tornelo INT"]
[Date "2021.05.30"]
[Round "1.12"]
[White "Can, Emre"]
[Black "Laznicka, Viktor"]
[Result "0-1"]
[WhiteTitle "GM"]
[BlackTitle "GM"]
[WhiteElo "2569"]
[BlackElo "2647"]
[WhiteFideId "6302181"]
[BlackFideId "316385"]
[EventDate "2021.05.30"]

1. d4 d5 2. c4 c6 3. cxd5 cxd5 4. Bf4 Nc6 5. e3 Nf6 6. Nc3 a6 7. Be2 Ne4 8. Nf3
Nxc3 9. bxc3 e6 10. Bd3 Bd6 11. h4 Bxf4 12. exf4 Bd7 13. O-O h6 14. Re1 O-O 15.
Bc2 Rc8 16. Qd3 f5 17. Bb3 Na5 18. Ne5 Bb5 19. Qg3 Rc7 20. Re3 Rf6 21. Rae1 Qd6
22. h5 Be8 23. Qh4 Nxb3 24. axb3 a5 25. Ra1 b6 26. Rg3 Kh7 27. Re3 Ra7 28. Kh2
b5 29. Nd3 a4 30. b4 Qe7 31. Nc5 Qf7 32. Rh3 g6 33. hxg6+ Rxg6 34. Rg3 Rxg3 35.
Kxg3 Qg6+ 36. Kf3 Rg7 37. g3 Qg4+ 38. Qxg4 fxg4+ 39. Ke3 Bg6 40. Kd2 Bf5 41. Kc1
h5 42. Kb2 h4 43. gxh4 g3 44. fxg3 Rxg3 45. Re1 Rg2+ 46. Ka3 Rc2 47. Re3 Kg7 48.
Na6 Rf2 49. Re1 Rc2 50. Re3 Rf2 51. Re1 Bd3 52. Nc7 Bc4 53. Ra1 Rc2 54. Nxe6+
Kf6 55. Nc5 Rxc3+ 56. Kb2 Rh3 57. Ra3 Rh2+ 58. Kc1 Rxh4 59. Kd2 Rxf4 60. Ke3 Rh4
61. Ra1 a3 62. Kf3 a2 63. Ke3 Rh2 64. Nd7+ Kf5 65. Ne5 Rb2 66. Nxc4 dxc4 67. d5
Ke5 68. d6 Kxd6 69. Kd4 Kc6 70. Kc3 Rb3+ 71. Kc2 Ra3 72. Kb2 Ra4 73. Kc3 Kd5 74.
Rd1+ Ke4 75. Ra1 Kf3 76. Rf1+ Kg2 77. Ra1 Kf2 78. Kc2 Ke2 79. Kc3 Ra6 80. Kc2
Ra7 81. Kc3 Ra4 82. Kc2 Rxb4 83. Rxa2 Ra4 84. Rb2 b4 85. Kb1+ Kd3 86. Rh2 b3 87.
Rh3+ Kd4 88. Rh8 Ra7 89. Kb2 Ra2+ 90. Kb1 Rg2 0-1

[Event "European Hybrid Swiss TB"]
[Site "Tornelo INT"]
[Date "2021.05.30"]
[Round "1.13"]
[White "Motylev, Alexander"]
[Black "Paichadze, Luka"]
[Result "1-0"]
[WhiteTitle "GM"]
[BlackTitle "GM"]
[WhiteElo "2641"]
[BlackElo "2565"]
[WhiteFideId "4121830"]
[BlackFideId "13602934"]
[EventDate "2021.05.30"]

1. e4 c6 2. d4 d5 3. e5 Bf5 4. h4 h5 5. Bd3 Bxd3 6. Qxd3 Qa5+ 7. Bd2 Qa6 8. e6
Qxd3 9. exf7+ Kxf7 10. cxd3 e6 11. Nf3 Bd6 12. Ng5+ Kf6 13. O-O Nd7 14. Re1 Re8
15. Bc3 Nh6 16. Nd2 Nf7 17. Nxf7 Kxf7 18. Nf3 Be7 19. g3 Bf6 20. Kg2 b6 21. a4
c5 22. a5 cxd4 23. Bxd4 Nc5 24. Ra3 Re7 25. Ne5+ Bxe5 26. Bxe5 Rb7 27. b4 Na6
28. axb6 Nxb4 29. Rxa7 Rxa7 30. bxa7 Ra8 31. Rb1 Nc6 32. Rb7+ Kg6 33. Bb8 Kf6
34. Kf3 g5 35. hxg5+ Kxg5 36. Rb6 Nxa7 37. Bf4+ Kf5 38. Ra6 e5 39. Be3 d4 40.
Bd2 e4+ 41. dxe4+ Ke5 42. Bf4# 1-0

[Event "European Hybrid Swiss TB"]
[Site "Tornelo INT"]
[Date "2021.05.30"]
[Round "1.14"]
[White "Martinovic, Sasa"]
[Black "Martirosyan, Haik M."]
[Result "0-1"]
[WhiteTitle "GM"]
[BlackTitle "GM"]
[WhiteElo "2548"]
[BlackElo "2637"]
[WhiteFideId "14509792"]
[BlackFideId "13306553"]
[EventDate "2021.05.30"]

1. d4 Nf6 2. c4 e6 3. Nc3 Bb4 4. Qc2 O-O 5. Nf3 c5 6. dxc5 Bxc5 7. Bg5 Be7 8. e3
d6 9. Be2 a6 10. O-O Qc7 11. Rfd1 b6 12. Rd2 Bb7 13. Rad1 Rd8 14. b3 Nbd7 15.
Bf4 Nc5 16. Qb1 h6 17. h3 e5 18. Bh2 Nce4 19. Nxe4 Bxe4 20. Qb2 Qb7 21. Ne1 Rac8
22. a4 Bc6 23. f3 b5 24. axb5 axb5 25. Kh1 bxc4 26. bxc4 Qa7 27. e4 Nh5 28. Bg1
Qd7 29. c5 Qe6 30. cxd6 Bg5 31. d7 Rb8 32. Qxb8 Rxb8 33. d8=Q+ Rxd8 34. Rxd8+
Bxd8 35. Rxd8+ Kh7 36. Rd2 Qb3 37. Bf2 Qb4 38. Rc2 Ba4 39. Ra2 Bb3 40. Rb2 Qc3
41. Nd3 Bc4 42. Be1 Qd4 43. Bf2 Qd6 44. Ne1 Qa3 45. Rc2 Bb3 46. Rd2 Qc1 47. Rd7
Qb2 0-1

[Event "European Hybrid Swiss TB"]
[Site "Tornelo INT"]
[Date "2021.05.30"]
[Round "1.15"]
[White "Yilmaz, Mustafa"]
[Black "Savchenko, Boris"]
[Result "1-0"]
[WhiteTitle "GM"]
[BlackTitle "GM"]
[WhiteElo "2630"]
[BlackElo "2538"]
[WhiteFideId "6302718"]
[BlackFideId "4147332"]
[EventDate "2021.05.30"]

1. d4 Nf6 2. c4 g6 3. Nc3 d5 4. cxd5 Nxd5 5. e4 Nxc3 6. bxc3 Bg7 7. Be3 c5 8.
Nf3 Qa5 9. Qd2 O-O 10. Rc1 Rd8 11. Be2 Nc6 12. d5 e6 13. O-O exd5 14. exd5 Bg4
15. Rfd1 b6 16. Bg5 Rd7 17. Qf4 Bxf3 18. Bxf3 Ne5 19. d6 Re8 20. Be7 Nxf3+ 21.
Qxf3 Qxa2 22. Qg4 Qe6 23. Qa4 b5 24. Qxb5 Bxc3 25. Qxc5 Bb2 26. Rb1 Qe2 27. Re1
Qd2 28. Qc6 Rdd8 29. Rbd1 Qb4 30. Qxe8+ Rxe8 31. d7 1-0

[Event "European Hybrid Swiss TB"]
[Site "Tornelo INT"]
[Date "2021.05.30"]
[Round "1.16"]
[White "Afanasiev, Nikita"]
[Black "Deac, Bogdan-Daniel"]
[Result "1/2-1/2"]
[WhiteTitle "GM"]
[BlackTitle "GM"]
[WhiteElo "2522"]
[BlackElo "2627"]
[WhiteFideId "24183555"]
[BlackFideId "1226380"]
[EventDate "2021.05.30"]

1. Nf3 d5 2. g3 Nf6 3. Bg2 e6 4. O-O Be7 5. c4 O-O 6. b3 b6 7. Bb2 Bb7 8. e3 c5
9. Nc3 Qc8 10. Qe2 Rd8 11. d3 Nc6 12. Rfd1 d4 13. exd4 cxd4 14. Ne4 a5 15. a3
Qc7 16. Nxf6+ Bxf6 17. Rac1 Ne7 18. Re1 Bc6 19. Nd2 Bxg2 20. Kxg2 Nf5 21. Ne4
Be7 22. Qf3 Qd7 23. a4 Rac8 24. Re2 h6 25. Rh1 Bb4 26. Bc1 Rc6 27. h4 Ne7 28.
Qh5 e5 29. Qxe5 Re6 30. Qh5 Ng6 31. f4 Rde8 32. f5 Re5 33. Rf1 Ne7 34. Nf6+ gxf6
35. Rxe5 fxe5 36. Bxh6 Qc6+ 37. Kh2 Qf6 38. Bg5 Qh8 39. Qg4 Kh7 40. Qh5+ Kg8 41.
Qg4 Kh7 42. Qh5+ Kg8 1/2-1/2

[Event "European Hybrid Swiss TB"]
[Site "Tornelo INT"]
[Date "2021.05.30"]
[Round "1.17"]
[White "Ponkratov, Pavel"]
[Black "Kozak, Adam"]
[Result "1-0"]
[WhiteTitle "GM"]
[BlackTitle "GM"]
[WhiteElo "2624"]
[BlackElo "2518"]
[WhiteFideId "4157800"]
[BlackFideId "753246"]
[EventDate "2021.05.30"]

1. d4 Nf6 2. c4 e6 3. Nf3 d5 4. Nc3 dxc4 5. e3 a6 6. a4 c5 7. Bxc4 cxd4 8. exd4
Be7 9. O-O O-O 10. Qe2 Nc6 11. Rd1 Nb4 12. Ne5 b6 13. Ne4 Bb7 14. Ng5 Bd5 15.
Bxd5 Qxd5 16. Ra3 h6 17. Nh3 Qe4 18. Re3 Qc2 19. Bd2 Nbd5 20. Rg3 Qe4 21. Qf1
Kh8 22. Rd3 Rac8 23. Re1 Qf5 24. Bc3 Qh5 25. Rf3 a5 26. Nd3 Bd6 27. Qe2 Ng4 28.
Ne5 Nxe5 29. dxe5 Bb4 30. Bxb4 axb4 31. Qe4 Rc5 32. Nf4 Nxf4 33. Qxf4 Rfc8 34.
h3 Kg8 35. g4 Qg6 36. Qxb4 Rc4 37. Qxb6 h5 38. Rg3 hxg4 39. b3 Re4 40. Rxe4 Qxe4
41. Qe3 Qd5 42. Rxg4 Qd1+ 43. Kh2 Rc1 44. Qe4 g6 45. a5 Ra1 46. b4 Qd2 47. Qa8+
Kg7 48. Qf3 Qe1 49. Qf6+ Kg8 50. Kg3 Ra3+ 51. Kh4 Qd2 52. Rf4 Qd7 53. f3 Ra1 54.
Kg5 1-0

[Event "European Hybrid Swiss TB"]
[Site "Tornelo INT"]
[Date "2021.05.30"]
[Round "1.18"]
[White "Teclaf, Pawel"]
[Black "Sargsyan, Shant"]
[Result "1/2-1/2"]
[WhiteTitle "IM"]
[BlackTitle "GM"]
[WhiteElo "2502"]
[BlackElo "2618"]
[WhiteFideId "1185934"]
[BlackFideId "13306766"]
[EventDate "2021.05.30"]

1. Nf3 d5 2. g3 g6 3. c4 dxc4 4. Na3 Bg7 5. Nxc4 Nc6 6. Bg2 e5 7. d3 Nge7 8. O-O
O-O 9. Bd2 a5 10. Rc1 Be6 11. b3 Qd7 12. Bc3 f6 13. Qc2 Rfd8 14. Rfd1 Nf5 15. e3
Qf7 16. Ba1 g5 17. Qb1 h6 18. d4 exd4 19. Nxd4 Nfxd4 20. exd4 f5 21. d5 Bxd5 22.
Rxd5 Rxd5 23. Bxd5 Qxd5 24. Bxg7 Kxg7 25. Ne3 Qf3 26. Nxf5+ Kf6 27. Rc5 Rd8 28.
Qb2+ Nd4 29. Nxd4 Qd1+ 30. Kg2 Qxd4 31. Qxd4+ Rxd4 32. Rxc7 Rb4 33. f3 a4 34.
Rc3 Rd4 35. bxa4 Rd2+ 36. Kh3 Rxa2 37. Rc4 h5 38. Rb4 Ra3 39. Rb6+ Kf5 40. Rxb7
Rxa4 41. Rb5+ Kg6 42. Rb6+ Kg7 43. Rb2 Kg6 44. Kg2 Ra6 45. Rf2 Kf5 46. Rc2 Ra5
47. Kf2 Rb5 48. Rd2 Ra5 49. Ke3 Re5+ 50. Kf2 Ra5 51. Re2 Rb5 52. Kg2 Ra5 53. h3
Rb5 54. g4+ hxg4 55. hxg4+ Kf6 56. Kg3 Ra5 57. Rh2 Kg6 58. Rh5 Ra1 59. Rh2 Rg1+
60. Rg2 Ra1 61. Rf2 Rg1+ 62. Kh2 Ra1 63. Kg2 Ra6 64. Rc2 Rb6 65. Rc5 Ra6 66. Kg3
Rb6 67. Rc3 Ra6 68. f4 gxf4+ 69. Kxf4 Ra4+ 70. Kg3 Ra1 1/2-1/2

[Event "European Hybrid Swiss TB"]
[Site "Tornelo INT"]
[Date "2021.05.30"]
[Round "2.1"]
[White "Laznicka, Viktor"]
[Black "Artemiev, Vladislav"]
[Result "1/2-1/2"]
[WhiteTitle "GM"]
[BlackTitle "GM"]
[WhiteElo "2647"]
[BlackElo "2709"]
[WhiteFideId "316385"]
[BlackFideId "24101605"]
[EventDate "2021.05.30"]

1. d4 d5 2. c4 e6 3. Nf3 h6 4. Bf4 Bd6 5. Bxd6 Qxd6 6. Nc3 Nf6 7. e3 O-O 8. Rc1
Nbd7 9. Nb5 Qb4+ 10. Qd2 Qxd2+ 11. Nxd2 c6 12. Nd6 e5 13. Nf3 exd4 14. Nxd4 dxc4
15. Bxc4 Ne5 16. Ke2 Nxc4 17. Rxc4 Rd8 18. Nxc8 Raxc8 19. b4 Rd5 20. Rhc1 Re8
21. Nb3 Ne4 22. f3 Nd6 23. Rc5 f5 24. Nd2 Rde5 25. Rxe5 Rxe5 26. Rc5 Re7 27. Nb3
Kf7 28. Nd4 Kf6 29. Kd3 g6 30. h4 Re5 31. Rc2 Ke7 32. Rc5 Kf6 33. Rc2 Nf7 34. a4
Rd5 35. Rc5 Ne5+ 36. Kc3 Rxc5+ 37. bxc5 Nd7 38. Kc4 Ne5+ 39. Kc3 Nd7 40. Kc4 Ke5
41. Nb3 b6 42. cxb6 Nxb6+ 43. Kb4 Nd5+ 44. Kc5 Nxe3 45. a5 Nxg2 46. Nd4 Nxh4 47.
Nxc6+ Ke6 48. Nxa7 Kd7 49. Nb5 Kc8 50. a6 Nxf3 51. Kb6 Ne5 52. a7 Nd7+ 53. Kc6
Nb8+ 54. Kb6 Nd7+ 55. Kc6 Nb8+ 56. Kb6 Nd7+ 1/2-1/2

[Event "European Hybrid Swiss TB"]
[Site "Tornelo INT"]
[Date "2021.05.30"]
[Round "2.2"]
[White "Tomashevsky, Evgeny"]
[Black "Motylev, Alexander"]
[Result "1/2-1/2"]
[WhiteTitle "GM"]
[BlackTitle "GM"]
[WhiteElo "2706"]
[BlackElo "2641"]
[WhiteFideId "4147235"]
[BlackFideId "4121830"]
[EventDate "2021.05.30"]

1. d4 Nf6 2. Nf3 d5 3. Bf4 e6 4. e3 c5 5. Nbd2 Nc6 6. c3 Nh5 7. Be5 f6 8. Bg3 g6
9. Be2 Be7 10. a3 cxd4 11. cxd4 O-O 12. O-O Nxg3 13. hxg3 Qb6 14. b4 a5 15. b5
Nd8 16. a4 Nf7 17. Ne1 Qd8 18. Nd3 b6 19. Rc1 Bd7 20. e4 dxe4 21. Nxe4 Rc8 22.
Qb3 f5 23. Nd2 Bf6 24. Nf3 Qe7 25. Nfe5 Nxe5 26. Nxe5 Kg7 27. Qf3 Rxc1 28. Rxc1
Rc8 29. Rxc8 Bxc8 30. Qc6 Qd8 31. Bc4 Bxe5 32. dxe5 Qd1+ 33. Bf1 Qd8 34. Kh2 Kf7
35. Be2 h5 36. f4 h4 37. Bf3 hxg3+ 38. Kxg3 g5 39. Qc1 g4 40. Bc6 Qd4 41. Qa3
Qd2 42. Qd6 Qe1+ 43. Kh2 Qh4+ 44. Kg1 Qe1+ 45. Kh2 Qh4+ 46. Kg1 Qe1+ 47. Kh2 1/2-1/2

[Event "European Hybrid Swiss TB"]
[Site "Tornelo INT"]
[Date "2021.05.30"]
[Round "2.3"]
[White "Martirosyan, Haik M."]
[Black "Esipenko, Andrey"]
[Result "1/2-1/2"]
[WhiteTitle "GM"]
[BlackTitle "GM"]
[WhiteElo "2637"]
[BlackElo "2701"]
[WhiteFideId "13306553"]
[BlackFideId "24175439"]
[EventDate "2021.05.30"]

1. d4 Nf6 2. c4 e6 3. Nf3 d5 4. Nc3 h6 5. cxd5 exd5 6. Bf4 Bd6 7. Bxd6 Qxd6 8.
e3 c6 9. Bd3 Bg4 10. h3 Bxf3 11. Qxf3 O-O 12. g4 c5 13. dxc5 Qxc5 14. h4 Nc6 15.
g5 Ne5 16. Qf5 Rfe8 17. Bb5 d4 18. Bxe8 Rxe8 19. gxf6 dxc3 20. O-O-O cxb2+ 21.
Kb1 g6 22. Rhg1 Rc8 23. Qe4 Kh8 24. h5 g5 25. Qf5 Qc3 26. a4 Nf3 27. Rh1 Nd2+
28. Rxd2 Qc1+ 29. Ka2 b1=Q+ 30. Qxb1 Qxd2+ 31. Ka1 Rc4 32. Qb3 Rb4 33. Rd1 Rxb3
34. Rxd2 Rb6 35. f4 Rxf6 36. Rd4 gxf4 37. exf4 Rf5 38. Kb2 Kg7 39. Kb3 a5 40.
Kc4 b6 41. Re4 Rxh5 42. Re8 Rf5 43. Re4 h5 44. Kd3 b5 45. axb5 Rxb5 46. Ra4 Kg6
47. Ke3 Kf5 48. Kf3 h4 49. Ra3 f6 50. Ra4 Rb3+ 51. Kg2 Kg4 52. f5+ Rb4 53. Rxa5
Rb2+ 54. Kg1 Re2 55. Ra4+ Kg3 56. Ra3+ Kf4 57. Ra4+ Kf3 58. Ra6 Kg3 59. Ra3+ Kg4
60. Ra5 Kg5 61. Ra4 Re5 62. Kg2 Rxf5 63. Ra8 Rb5 64. Rg8+ Kf4 65. Kh3 Rb1 66.
Ra8 f5 67. Ra7 Rb2 68. Ra8 Rb1 69. Ra7 Rg1 70. Ra8 Rg7 71. Ra4+ Ke3 72. Ra3+ Kf4
73. Ra4+ Kg5 74. Rxh4 Ra7 75. Rb4 Ra3+ 76. Kg2 1/2-1/2